Tulnatmak prashasnik vyavasthaen (Record no. 107807)

MARC details
000 -LEADER
fixed length control field 00353nam a2200145Ia 4500
008 - FIXED-LENGTH DATA ELEMENTS--GENERAL INFORMATION
fixed length control field 230917s9999||||xx |||||||||||||| ||und||
040 ## - CATALOGING SOURCE
-- 54839
Original cataloging agency VIVEKANANDA LIBRARY
041 ## - Language
-- English
082 ## - DDC NUMBER
Classification number 342 T828T
100 ## - MAIN ENTRY--PERSONAL NAME
Personal name Rathore, A
245 #0 - TITLE STATEMENT
Title Tulnatmak prashasnik vyavasthaen
260 ## - PUBLICATION, DISTRIBUTION, ETC. (IMPRINT)
Place of publication, distribution, etc Jaipur
Name of publisher, distributor, etc College Book
Date of publication, distribution, etc 1999
300 ## - PHYSICAL DESCRIPTION
Pages ii, 472 p.
942 ## - ADDED ENTRY ELEMENTS (KOHA)
Koha item type Books
Holdings
Withdrawn status Lost status Damaged status Not for loan Location (home branch) Sublocation or collection (holding branch) Date acquired Koha issues (times borrowed) Koha full call number Accession No. Koha date last seen Koha item type
        VIVEKANANDA LIBRARY VIVEKANANDA LIBRARY 19/12/2002   342 T828T 194011 17/09/2023 Books
        VIVEKANANDA LIBRARY VIVEKANANDA LIBRARY 19/12/2002 1 342 T828T 194012 23/04/2025 Books
        VIVEKANANDA LIBRARY VIVEKANANDA LIBRARY 19/12/2002   342 T828T 194013 17/09/2023 Books
        VIVEKANANDA LIBRARY VIVEKANANDA LIBRARY 19/12/2002   342 T828T 210347 17/09/2023 Books
        VIVEKANANDA LIBRARY VIVEKANANDA LIBRARY 19/12/2002   342 T828T 210348 17/09/2023 Books
        VIVEKANANDA LIBRARY VIVEKANANDA LIBRARY 19/12/2002   342 T828T 210349 17/09/2023 Books
© Designed and Maintained by Vivekananda Library, MDU Rohtak